[Event "BPB Limburg open C"]
[Site "Maastricht"]
[Date "2014.06.07"]
[Round "2"]
[White "Callebaut, Katia"]
[Black "Fortenbacher, Dominic"]
[Result "0-1"]
[WhiteElo "1236"]
[BlackElo "1337"]
[PlyCount "32"]
[EventDate "2014.06.06"]
[EventType "swiss"]
[EventRounds "7"]
[EventCountry "NED"]
[Source "P.Boonen"]
[SourceDate "2014.10.10"]

1. e4 e5 2. Nf3 Nc6 3. d4 exd4 4. Nxd4 Bc5 5. Nxc6 bxc6 6. Qg4 Qf6 7. Nc3 Bxf2+
8. Kd1 d6 9. Qh5 d5 10. exd5 Qd4+ 11. Bd2 Bg4+ 12. Ne2 Bxh5 13. h3 Be3 14. Kc1
Qxd2+ 15. Kb1 Qd1+ 16. Nc1 Qxc1# 0-1

[Event "BPB Limburg open C"]
[Site "Maastricht"]
[Date "2014.06.07"]
[Round "2"]
[White "Chappin, Rene"]
[Black "De Jong, Lucas"]
[Result "1/2-1/2"]
[WhiteElo "1668"]
[BlackElo "1585"]
[PlyCount "70"]
[EventDate "2014.06.06"]
[EventType "swiss"]
[EventRounds "7"]
[EventCountry "NED"]
[Source "P.Boonen"]
[SourceDate "2014.10.10"]

1. e4 c5 2. Nc3 e6 3. f4 d5 4. exd5 exd5 5. Bb5+ Nc6 6. Nf3 a6 7. Bxc6+ bxc6 8.
O-O Nf6 9. Qe1+ Be7 10. d3 O-O 11. Ne5 Bb7 12. Ne2 Nd7 13. Qg3 Bf6 14. Ng4 Qe7
15. Nxf6+ Nxf6 16. Re1 Rfe8 17. Bd2 Qc7 18. Nc3 Rad8 19. Re5 Re7 20. Rxe7 Qxe7
21. Re1 Qd6 22. Re5 Nd7 23. Re1 Nf6 24. Qg5 h6 25. Qg3 Bc8 26. h3 Re8 27. Rxe8+
Nxe8 28. Qf3 Nc7 29. Qf2 Ne6 30. Ne2 Qe7 31. Bc3 d4 32. Bd2 Qf6 33. Qf3 Nc7 34.
c3 Nd5 35. Qe4 Qe7 {.....} 1/2-1/2

[Event "BPB Limburg open C"]
[Site "Maastricht"]
[Date "2014.06.07"]
[Round "2"]
[White "De Cocq, Ramin"]
[Black "Conte, Roberto"]
[Result "0-1"]
[WhiteElo "1093"]
[BlackElo "1689"]
[PlyCount "100"]
[EventDate "2014.06.06"]
[EventType "swiss"]
[EventRounds "7"]
[EventCountry "NED"]
[Source "P.Boonen"]
[SourceDate "2014.10.10"]

1. d4 d5 2. c4 e5 3. cxd5 Qxd5 4. Nc3 Qxd4 5. Qxd4 exd4 6. Nd5 Bd6 7. Nf3 c6 8.
Bf4 Bxf4 9. Nxf4 c5 10. g3 Nf6 11. Bg2 Nbd7 12. O-O O-O 13. Rac1 b6 14. Nxd4
Ba6 15. Bxa8 Rxa8 16. Nc6 Kf8 17. Rfe1 Bb7 18. Nxa7 Rxa7 19. a3 Ne4 20. f3 Nef6
21. Kf2 g5 22. Nd3 g4 23. Nf4 Ne5 24. Rc3 Ra5 25. Rd1 gxf3 26. exf3 Rb5 27. b3
Ra5 28. a4 Neg4+ 29. fxg4 Ne4+ 30. Ke3 Nxc3 31. Ra1 Nd5+ 32. Nxd5 Bxd5 33. Rb1
c4 34. bxc4 Bxc4 35. Rxb6 Rxa4 36. Rb8+ Kg7 37. Kd2 Ra2+ 38. Kc3 Be6 39. Rb2
Ra3+ 40. Kc2 Bxg4 41. Rb3 Bd1+ 42. Kxd1 Rxb3 43. Ke1 Rb2 44. h4 Kg6 45. g4 Rb4
46. g5 Rxh4 47. Kf2 Kxg5 48. Kg2 Kg4 49. Kg1 Kf3 50. Kf1 Rh1# 0-1

[Event "BPB Limburg open C"]
[Site "Maastricht"]
[Date "2014.06.07"]
[Round "2"]
[White "Deider, Kevin"]
[Black "Boesmans, Peter"]
[Result "1-0"]
[WhiteElo "1057"]
[BlackElo "1390"]
[PlyCount "100"]
[EventDate "2014.06.06"]
[EventType "swiss"]
[EventRounds "7"]
[EventCountry "NED"]
[Source "P.Boonen"]
[SourceDate "2014.10.10"]

1. e4 e5 2. Nc3 Bc5 3. Bc4 Nf6 4. d3 d6 5. f4 Ng4 6. f5 Nf2 7. Qh5 O-O 8. Nf3
Nxh1 9. Ng5 h6 10. Nxf7 Qh4+ 11. Qxh4 Bf2+ 12. Qxf2 Nxf2 13. Kxf2 Rxf7 14.
Bxf7+ Kxf7 15. Nb5 Na6 16. Be3 b6 17. g4 Bd7 18. Nc3 Rh8 19. h4 Nb4 20. Rc1 g5
21. a3 Na6 22. hxg5 hxg5 23. Bxg5 Rg8 24. Bh6 Rxg4 25. Rg1 Rxg1 26. Kxg1 Nc5
27. Kf2 Na4 28. Nxa4 Bxa4 29. b3 Be8 30. Ke3 Kf6 31. d4 exd4+ 32. Kxd4 Bf7 33.
c4 c5+ 34. Ke3 Bh5 35. Bf8 Bd1 36. Bxd6 Bxb3 37. Kd3 a6 38. Bc7 b5 39. cxb5
axb5 40. Bd6 c4+ 41. Kd4 Bd1 42. Bb4 Bh5 43. Kc5 Be8 44. Kd6 Bf7 45. Bc3+ Kg5
46. Ke7 Bh5 47. f6 Kf4 48. e5 Ke4 49. f7 Bxf7 50. Kxf7 Kd3 1-0

[Event "BPB Limburg open C"]
[Site "Maastricht"]
[Date "2014.06.07"]
[Round "2"]
[White "Dewilde, Rudi"]
[Black "Heuts, Guido"]
[Result "0-1"]
[WhiteElo "1190"]
[BlackElo "1345"]
[PlyCount "94"]
[EventDate "2014.06.06"]
[EventType "swiss"]
[EventRounds "7"]
[EventCountry "NED"]
[Source "P.Boonen"]
[SourceDate "2014.10.10"]

1. e4 c6 2. d4 d5 3. Nc3 dxe4 4. Nxe4 Bf5 5. Ng3 Bg6 6. Nf3 h6 7. Bd3 Bxd3 8.
Qxd3 Nf6 9. O-O Nbd7 10. h3 e6 11. Ne5 Nxe5 12. dxe5 Qxd3 13. cxd3 Nd5 14. Bd2
Be7 15. Rac1 f6 16. Nh5 Rg8 17. d4 O-O-O 18. Nf4 Nxf4 19. Bxf4 Rxd4 20. Be3 Rd5
21. Bxa7 Rxe5 22. Bb6 Rb5 23. Bd4 e5 24. Bc3 Bb4 25. Rc2 Kc7 26. a4 Rb6 27. a5
Rb5 28. Bxb4 Rxb4 29. Ra1 Ra8 30. Ra3 Rb5 31. b4 Rxb4 32. Rca2 Rb5 33. a6 bxa6
34. Rxa6 Rxa6 35. Rxa6 c5 36. Re6 Kd7 37. Ra6 Ke7 38. Ra7+ Kf8 39. Rc7 Rb1+ 40.
Kh2 Rc1 41. g4 c4 42. h4 c3 43. Rc8+ Kf7 44. h5 e4 45. Kg3 Rc2 46. Rc4 Rc1 47.
Rxe4 c2 0-1

[Event "BPB Limburg open C"]
[Site "Maastricht"]
[Date "2014.06.07"]
[Round "2"]
[White "Hauffe, Frank"]
[Black "Heman, Frans"]
[Result "1/2-1/2"]
[WhiteElo "1731"]
[BlackElo "1549"]
[PlyCount "62"]
[EventDate "2014.06.06"]
[EventType "swiss"]
[EventRounds "7"]
[EventCountry "NED"]
[Source "P.Boonen"]
[SourceDate "2014.10.10"]

1. b3 f5 2. Bb2 Nf6 3. Nf3 g6 4. e3 Bg7 5. c4 O-O 6. Nc3 d6 7. d4 a5 8. Be2 Nc6
9. a3 Na7 10. O-O Bd7 11. Qc2 Qe8 12. Rfc1 e5 13. dxe5 dxe5 14. Rd1 e4 15. Nd4
Rc8 16. Rd2 c5 17. Ndb5 Nxb5 18. Nxb5 Bxb5 19. cxb5 b6 20. Bc4+ Kh8 21. Rad1
Qe7 22. Rd6 Qc7 23. Rc6 Qb7 24. Rxc8 Qxc8 25. Rd6 Qc7 26. Qd1 h5 27. h3 Kh7 28.
Bxf6 Rxf6 29. Rxf6 Bxf6 30. Qd5 Kh6 31. Qg8 Qd8 1/2-1/2

[Event "BPB Limburg open C"]
[Site "Maastricht"]
[Date "2014.06.07"]
[Round "2"]
[White "Havenith, Julia"]
[Black "Van Ginneken, Maikel"]
[Result "1-0"]
[WhiteElo "1570"]
[BlackElo "1453"]
[PlyCount "101"]
[EventDate "2014.06.06"]
[EventType "swiss"]
[EventRounds "7"]
[EventCountry "NED"]
[Source "P.Boonen"]
[SourceDate "2014.10.10"]

1. e4 e5 2. Nf3 Nf6 3. Nxe5 d6 4. Nf3 Nxe4 5. d4 Bg4 6. Bd3 Nf6 7. c4 Nc6 8.
Be3 g6 9. h3 Bd7 10. Qe2 Qe7 11. O-O Bg7 12. a3 O-O 13. Nc3 Rfe8 14. Qd2 Qf8
15. Rfe1 Ne7 16. d5 Bf5 17. Nb5 Rec8 18. Nxa7 Re8 19. Nb5 Rac8 20. Nfd4 Ne4 21.
Qc2 c6 22. Nxf5 Nxf5 23. Na7 Nxe3 24. Rxe3 Bd4 25. Rxe4 Bxa7 26. Qb3 Rxe4 27.
Bxe4 Qe7 28. Qf3 Re8 29. Bd3 Bd4 30. Rb1 c5 31. b4 b6 32. b5 Qa7 33. Bc2 Qa5
34. Rd1 Re1+ 35. Kh2 Be5+ 36. g3 Rxd1 37. Bxd1 Bd4 38. Kg2 Qe1 39. Qe2 Bxf2 40.
Qxf2 Qxd1 41. Qf4 Qc2+ 42. Kf3 Qd3+ 43. Kg4 Qd1+ 44. Kg5 Qh5+ 45. Kf6 Qxh3 46.
Qe4 Qf1+ 47. Qf4 Qa1+ 48. Ke7 Qe1+ 49. Kxd6 Qe8 50. Kc7 h5 51. d6 1-0

[Event "BPB Limburg open C"]
[Site "Maastricht"]
[Date "2014.06.07"]
[Round "2"]
[White "Havenith, Michael"]
[Black "Van Wijnendaele, Jovanni"]
[Result "1/2-1/2"]
[WhiteElo "1615"]
[BlackElo "1654"]
[PlyCount "100"]
[EventDate "2014.06.06"]
[EventType "swiss"]
[EventRounds "7"]
[EventCountry "NED"]
[Source "P.Boonen"]
[SourceDate "2014.10.10"]

1. c4 g6 2. Nc3 Bg7 3. Nf3 d6 4. g3 c6 5. Bg2 Nh6 6. O-O O-O 7. d4 Qc7 8. e4 e5
9. dxe5 dxe5 10. Bg5 f6 11. Be3 Be6 12. b3 Na6 13. a3 Ng4 14. Qe2 Nxe3 15. Qxe3
Rfd8 16. Rfd1 Bf8 17. Nd2 Bc5 18. Qe2 Bd4 19. Rac1 Rd6 20. Nb5 cxb5 21. cxb5
Qf7 22. bxa6 Rxa6 23. Nc4 Bxc4 24. Rxc4 Rxa3 25. Qc2 Rd8 26. Bf1 Qe7 27. Rc7
Rd7 28. Qc4+ Kg7 29. Rc1 Bb6 30. Rxd7 Qxd7 31. Qc2 Ra5 32. Rd1 Bd4 33. Bc4 Rc5
34. Qe2 b5 35. Bd5 a5 36. Qa2 Qc7 37. Rd2 Kh6 38. Kg2 Rc1 39. Re2 Qc3 40. Qd2+
Qxd2 41. Rxd2 Ra1 42. Rc2 a4 43. bxa4 bxa4 44. Ra2 Kg7 45. Rxa1 Bxa1 46. f4 Kf8
47. Kf3 Ke7 48. Ke2 Kd6 49. Kd3 Bd4 50. Kc4 a3 1/2-1/2

[Event "BPB Limburg open C"]
[Site "Maastricht"]
[Date "2014.06.07"]
[Round "2"]
[White "Jedamczik, Kai"]
[Black "Slangen Knuit, Dien"]
[Result "1-0"]
[WhiteElo "1492"]
[BlackElo "1073"]
[PlyCount "41"]
[EventDate "2014.06.06"]
[EventType "swiss"]
[EventRounds "7"]
[EventCountry "NED"]
[Source "P.Boonen"]
[SourceDate "2014.10.10"]

1. d4 d5 2. c4 e6 3. cxd5 exd5 4. g3 Nf6 5. Bg5 Nbd7 6. Bg2 c6 7. Nf3 Be7 8.
Nc3 O-O 9. O-O b6 10. a3 Bb7 11. b4 c5 12. bxc5 bxc5 13. dxc5 Nxc5 14. Ne5 d4
15. Bxb7 Rb8 16. Nc6 Qc7 17. Nxb8 dxc3 18. Bg2 h6 19. Bf4 Bd6 20. Bxd6 Qa5 21.
Bxf8 1-0

[Event "BPB Limburg open C"]
[Site "Maastricht"]
[Date "2014.06.07"]
[Round "2"]
[White "Katoen, Tom"]
[Black "Raats, Joppe"]
[Result "1-0"]
[WhiteElo "1398"]
[BlackElo "1150"]
[PlyCount "45"]
[EventDate "2014.06.06"]
[EventType "swiss"]
[EventRounds "7"]
[EventCountry "NED"]
[Source "P.Boonen"]
[SourceDate "2014.10.10"]

1. c4 e5 2. Nc3 Nf6 3. Nf3 Nc6 4. e3 g6 5. d4 exd4 6. exd4 d6 7. h3 Bf5 8. Be2
Nb4 9. Qa4+ Qd7 10. Qxb4 b6 11. Nh4 d5 12. Qb3 Be7 13. Nxf5 Qxf5 14. Qb5+ Nd7
15. Bg4 Qf6 16. Qxd7+ Kf8 17. Nxd5 Qd6 18. Bh6+ Kg8 19. Nxe7+ Qxe7+ 20. Qxe7
Rb8 21. Qf6 Re8+ 22. Be2 Rxe2+ 23. Kxe2 1-0

[Event "BPB Limburg open C"]
[Site "Maastricht"]
[Date "2014.06.07"]
[Round "2"]
[White "Katranov, Lev"]
[Black "Reichardt, Robin"]
[Result "1-0"]
[WhiteElo "1429"]
[BlackElo "1562"]
[PlyCount "75"]
[EventDate "2014.06.06"]
[EventType "swiss"]
[EventRounds "7"]
[EventCountry "NED"]
[Source "P.Boonen"]
[SourceDate "2014.10.10"]

1. e4 e6 2. d4 d5 3. Nc3 Bb4 4. e5 c5 5. f4 Nc6 6. Nf3 Nge7 7. Be3 Nf5 8. Bf2
Qa5 9. Qd2 cxd4 10. Nxd4 Ncxd4 11. Bxd4 Nxd4 12. Qxd4 Bd7 13. a3 Bxc3+ 14. Qxc3
Qxc3+ 15. bxc3 Rc8 16. Kd2 Ke7 17. Rb1 Rc7 18. Bb5 Rhc8 19. Bxd7 Kxd7 20. Rb3
b6 21. Rf1 d4 22. Rf3 Rxc3 23. Rbxc3 Rxc3 24. Rxc3 dxc3+ 25. Kxc3 Kc6 26. Kc4
f6 27. g4 fxe5 28. fxe5 g5 29. h3 h6 30. a4 a6 31. Kd4 b5 32. a5 Kd7 33. Kc5
Kc7 34. c3 Kc8 35. Kd6 Kd8 36. Kxe6 Ke8 37. Kd6 Kf7 38. Kd7 1-0

[Event "BPB Limburg open C"]
[Site "Maastricht"]
[Date "2014.06.07"]
[Round "2"]
[White "Katranova, Alicia"]
[Black "Keetman, Sandra"]
[Result "1/2-1/2"]
[WhiteElo "1289"]
[BlackElo "1641"]
[PlyCount "54"]
[EventDate "2014.06.06"]
[EventType "swiss"]
[EventRounds "7"]
[EventCountry "NED"]
[Source "P.Boonen"]
[SourceDate "2014.10.10"]

1. e4 c6 2. d4 d5 3. Nc3 dxe4 4. Nxe4 Bf5 5. Ng3 Bg6 6. Nf3 Nd7 7. Bc4 e6 8.
O-O Ngf6 9. Re1 Be7 10. c3 O-O 11. Nh4 Bd6 12. Nxg6 hxg6 13. Ne4 Qc7 14. h3 Bf4
15. Qf3 Bxc1 16. Raxc1 Nxe4 17. Rxe4 Nf6 18. Re5 Rad8 19. Rd1 Nd5 20. Qg3 Qe7
21. Qf3 Qh4 22. Re4 Qh6 23. Qg3 Qh5 24. Rde1 Qf5 25. Qe5 b5 26. Bxd5 Rxd5 27.
Qxf5 Rxf5 1/2-1/2

[Event "BPB Limburg open C"]
[Site "Maastricht"]
[Date "2014.06.07"]
[Round "2"]
[White "Koolen, Tom"]
[Black "Lammes, Pim"]
[Result "0-1"]
[WhiteElo "1000"]
[BlackElo "1636"]
[PlyCount "108"]
[EventDate "2014.06.06"]
[EventType "swiss"]
[EventRounds "7"]
[EventCountry "NED"]
[Source "P.Boonen"]
[SourceDate "2014.10.10"]

1. e3 e5 2. d4 e4 3. Nc3 d5 4. Nge2 Bg4 5. h3 Bh5 6. g4 Bg6 7. Nf4 c6 8. a3 Bd6
9. Be2 f5 10. f3 Nf6 11. gxf5 Bxf5 12. Rg1 g6 13. Bf1 Qe7 14. fxe4 Nxe4 15.
Nxe4 Bxe4 16. Qg4 Bf5 17. Qg5 Qxg5 18. Rxg5 h6 19. Nxg6 hxg5 20. Nxh8 Kf8 21.
Bd3 Bxd3 22. cxd3 Kg7 23. e4 Bf4 24. Bxf4 gxf4 25. e5 Kxh8 26. O-O-O Na6 27. e6
Re8 28. Rf1 Rxe6 29. Rxf4 Re7 30. b4 Nc7 31. h4 Kh7 32. Rf6 Nb5 33. h5 Nxa3 34.
Kb2 Nb5 35. h6 Nxd4 36. Rf4 Ne6 37. Rf6 Nd8 38. Rf8 Nf7 39. Kc3 Nxh6 40. Kd4 a6
41. Kc5 Nf7 42. Rb8 Rd7 43. Kb6 Nd6 44. Rf8 Kg6 45. Rg8+ Kf5 46. Rh8 Kf4 47.
Rh4+ Ke3 48. Rh3+ Kd4 49. Rf3 Kc3 50. Kc5 Nc8 51. d4+ Kd2 52. Rf8 Rc7 53. Rf2+
Ke3 54. Rf8 b6# 0-1

[Event "BPB Limburg open C"]
[Site "Maastricht"]
[Date "2014.06.07"]
[Round "2"]
[White "Koppens, Gertie"]
[Black "Godde, Matthias"]
[Result "0-1"]
[WhiteElo "1265"]
[BlackElo "1277"]
[PlyCount "92"]
[EventDate "2014.06.06"]
[EventType "swiss"]
[EventRounds "7"]
[EventCountry "NED"]
[Source "P.Boonen"]
[SourceDate "2014.10.10"]

1. e4 c5 2. Nf3 e6 3. d4 cxd4 4. Nxd4 a6 5. Nc3 Qc7 6. Bd2 b5 7. Bd3 Bb7 8. O-O
Nf6 9. f4 Bc5 10. Be3 Nc6 11. Nce2 Nxd4 12. Nxd4 Nxe4 13. Bxe4 Bxe4 14. Qd2
Bxd4 15. Bxd4 O-O 16. Rac1 Rac8 17. Be5 d6 18. Bxd6 Qb6+ 19. Kh1 Rfd8 20. Qe2
Rxc2 21. Qxe4 Rxc1 22. Rxc1 Qxd6 23. Qe3 Qd1+ 24. Qg1 Qxg1+ 25. Kxg1 Kf8 26.
Rc2 Ke8 27. Kf2 Kd7 28. Ke3 Rc8 29. Rxc8 Kxc8 30. Kd4 Kc7 31. Kc5 f6 32. g4 h6
33. h4 g5 34. hxg5 hxg5 35. fxg5 fxg5 36. b4 Kd7 37. a3 Kc7 38. Kd4 Kd6 39. Ke4
e5 40. Ke3 Kd5 41. Kd3 e4+ 42. Kd2 Kd4 43. Kd1 Kd3 44. Ke1 e3 45. Kd1 e2+ 46.
Ke1 Ke3 0-1

[Event "BPB Limburg open C"]
[Site "Maastricht"]
[Date "2014.06.07"]
[Round "2"]
[White "Krohn, Malte"]
[Black "Godding, Mick"]
[Result "1/2-1/2"]
[WhiteElo "1617"]
[BlackElo "1616"]
[PlyCount "60"]
[EventDate "2014.06.06"]
[EventType "swiss"]
[EventRounds "7"]
[EventCountry "NED"]
[Source "P.Boonen"]
[SourceDate "2014.10.10"]

1. d4 f5 2. e4 fxe4 3. Nc3 Nf6 4. Bg5 e6 5. Nxe4 Be7 6. Nxf6+ Bxf6 7. Bxf6 Qxf6
8. Qh5+ g6 9. Qe5 O-O 10. Qxf6 Rxf6 11. Nf3 b6 12. Nd2 Bb7 13. f3 Nc6 14. c3 e5
15. Ne4 Rff8 16. d5 Ne7 17. d6 Nf5 18. dxc7 d5 19. Ng5 Ne3 20. Kd2 Nxf1+ 21.
Rhxf1 Rfe8 22. f4 e4 23. Ke3 Rac8 24. f5 gxf5 25. Rxf5 Rxc7 26. Raf1 Bc8 27.
Rxd5 Rg7 28. Rf2 Bb7 29. Rdf5 Bc8 30. Rd5 Bb7 1/2-1/2

[Event "BPB Limburg open C"]
[Site "Maastricht"]
[Date "2014.06.07"]
[Round "2"]
[White "Kumpen, Kurt"]
[Black "Mitran, Ovi"]
[Result "0-1"]
[WhiteElo "1392"]
[BlackElo "1612"]
[PlyCount "38"]
[EventDate "2014.06.06"]
[EventType "swiss"]
[EventRounds "7"]
[EventCountry "NED"]
[Source "P.Boonen"]
[SourceDate "2014.10.10"]

1. d4 d5 2. Nf3 Nf6 3. e3 c5 4. b3 Nc6 5. Bb2 Bf5 6. Be2 Nb4 7. Bb5+ Nd7 8. O-O
Nxc2 9. Ne5 Nxa1 10. Bxa1 a6 11. Bxd7+ Bxd7 12. Nxd7 Qxd7 13. dxc5 e6 14. Qd4
f6 15. Rd1 Rc8 16. b4 b6 17. Rc1 bxc5 18. bxc5 Bd6 19. Rc3 Be5 0-1

[Event "BPB Limburg open C"]
[Site "Maastricht"]
[Date "2014.06.07"]
[Round "2"]
[White "Lennartz, Ludwig"]
[Black "Beusen, Frank"]
[Result "1-0"]
[WhiteElo "1511"]
[BlackElo "1433"]
[PlyCount "45"]
[EventDate "2014.06.06"]
[EventType "swiss"]
[EventRounds "7"]
[EventCountry "NED"]
[Source "P.Boonen"]
[SourceDate "2014.10.10"]

1. e4 e5 2. Nf3 Nc6 3. Bc4 Bc5 4. b4 Bxb4 5. c3 Bc5 6. d4 exd4 7. O-O dxc3 8.
Bxf7+ Kf8 9. Bxg8 Rxg8 10. Ng5 Be7 11. Qh5 Bxg5 12. Bxg5 Qe8 13. Qxh7 d6 14.
Nxc3 Qe5 15. Bd2 Be6 16. Nd5 Bxd5 17. exd5 Qxd5 18. Bc3 Qf7 19. Rfe1 Re8 20.
Rxe8+ Qxe8 21. Re1 Qf7 22. Re3 Qxa2 23. Qf5+ 1-0

[Event "BPB Limburg open C"]
[Site "Maastricht"]
[Date "2014.06.07"]
[Round "2"]
[White "Lennartz, Tim"]
[Black "Staudt, Sascha"]
[Result "0-1"]
[WhiteElo "1087"]
[BlackElo "1377"]
[PlyCount "70"]
[EventDate "2014.06.06"]
[EventType "swiss"]
[EventRounds "7"]
[EventCountry "NED"]
[Source "P.Boonen"]
[SourceDate "2014.10.10"]

1. e4 c6 2. d4 d5 3. e5 Bf5 4. Ne2 e6 5. Ng3 Bg6 6. h4 h6 7. h5 Bh7 8. Bd3 Bxd3
9. Qxd3 Nd7 10. Be3 c5 11. dxc5 Nxe5 12. Qd4 Qa5+ 13. b4 Qc7 14. Bf4 Nc6 15.
Qd2 e5 16. Qe2 Nge7 17. Bd2 Nd4 18. Qd3 b6 19. c3 Ndc6 20. Na3 a6 21. b5 e4 22.
Qe2 Ne5 23. Be3 Nd3+ 24. Kd2 bxc5 25. Rh3 axb5 26. Nxb5 Qd7 27. a4 Nc6 28. Kc2
Nce5 29. Kb3 Rb8 30. Qd2 Qa7 31. f4 Nc4 32. Qd1 Nxe3 33. Qg1 c4+ 34. Ka2 Qxa4+
35. Kb1 Qc2# 0-1

[Event "BPB Limburg open C"]
[Site "Maastricht"]
[Date "2014.06.07"]
[Round "2"]
[White "Loutragotis, Dimitri"]
[Black "Janssen, Fynn"]
[Result "1-0"]
[WhiteElo "1340"]
[BlackElo "1335"]
[PlyCount "55"]
[EventDate "2014.06.06"]
[EventType "swiss"]
[EventRounds "7"]
[EventCountry "NED"]
[Source "P.Boonen"]
[SourceDate "2014.10.10"]

1. e4 e5 2. Nf3 Nc6 3. Bc4 Bc5 4. c3 d6 5. h3 h6 6. d4 exd4 7. cxd4 Bb4+ 8. Nc3
Nf6 9. d5 Bxc3+ 10. bxc3 Ne5 11. Nxe5 dxe5 12. O-O O-O 13. Qd3 a6 14. a4 Bd7
15. f4 Re8 16. Re1 Qc8 17. Qf3 exf4 18. Bxf4 b5 19. Ba2 bxa4 20. e5 Nh7 21. e6
fxe6 22. dxe6 Bb5 23. c4 c5 24. cxb5 axb5 25. Bd5 Ra7 26. Bc6 c4 27. Bxb5 Qc5+
28. Be3 1-0

[Event "BPB Limburg open C"]
[Site "Maastricht"]
[Date "2014.06.07"]
[Round "2"]
[White "Merz, Jean Philippe"]
[Black "Baeten, Wim"]
[Result "1-0"]
[WhiteElo "1690"]
[BlackElo "1000"]
[PlyCount "59"]
[EventDate "2014.06.06"]
[EventType "swiss"]
[EventRounds "7"]
[EventCountry "NED"]
[Source "P.Boonen"]
[SourceDate "2014.10.10"]

1. e4 d6 2. Nc3 g6 3. Bc4 Bg7 4. f4 Nf6 5. d3 c6 6. Nf3 b5 7. Bb3 a5 8. a3 Qb6
9. Qe2 a4 10. Ba2 b4 11. axb4 Qxb4 12. O-O a3 13. Bd2 axb2 14. Bxf7+ Kxf7 15.
Rxa8 Na6 16. e5 Qb7 17. exf6 Bxf6 18. Ng5+ Ke8 19. Rxc8+ Qxc8 20. Nge4 Bd4+ 21.
Be3 Bxe3+ 22. Qxe3 Kd7 23. Rb1 Qb8 24. Na4 Qb4 25. Qa7+ Nc7 26. c3 Ra8 27. Qxa8
Nxa8 28. cxb4 Nc7 29. Rxb2 Nd5 30. g3 1-0

[Event "BPB Limburg open C"]
[Site "Maastricht"]
[Date "2014.06.07"]
[Round "2"]
[White "Mestrom, Sterre"]
[Black "Van Foreest, Pieter"]
[Result "0-1"]
[WhiteElo "1201"]
[BlackElo "1657"]
[PlyCount "60"]
[EventDate "2014.06.06"]
[EventType "swiss"]
[EventRounds "7"]
[EventCountry "NED"]
[Source "P.Boonen"]
[SourceDate "2014.10.10"]

1. d4 c5 2. c3 cxd4 3. cxd4 d5 4. g3 Nf6 5. Bg2 Bf5 6. Nf3 e6 7. O-O Bd6 8. Nc3
Nbd7 9. Bg5 h6 10. Bxf6 Nxf6 11. e3 O-O 12. a3 Qb6 13. b4 a5 14. b5 Rac8 15.
Qd2 Ne4 16. Nxe4 Bxe4 17. a4 Bb4 18. Qa2 Rc2 19. Qb3 Rfc8 20. Qb1 Rxf2 21. Qd1
Bxf3 22. Bxf3 Rd2 23. Qb1 Rcc2 24. h4 Qc7 25. Qe1 Rg2+ 26. Bxg2 Bxe1 27. Raxe1
Qxg3 28. Re2 Rxe2 29. Rf2 Qxf2+ 30. Kh1 Qxg2# 0-1

[Event "BPB Limburg open C"]
[Site "Maastricht"]
[Date "2014.06.07"]
[Round "2"]
[White "Mollema, Henk"]
[Black "Mertens, Yannick"]
[Result "1-0"]
[WhiteElo "1568"]
[BlackElo "1711"]
[PlyCount "49"]
[EventDate "2014.06.06"]
[EventType "swiss"]
[EventRounds "7"]
[EventCountry "NED"]
[Source "P.Boonen"]
[SourceDate "2014.10.10"]

1. e4 d6 2. d4 Nf6 3. Nc3 Nbd7 4. f4 Nb6 5. Nf3 g6 6. Bd3 Bg7 7. O-O O-O 8. f5
e5 9. dxe5 dxe5 10. Qe1 c6 11. h3 h6 12. g4 g5 13. Qg3 Nh7 14. Be3 Qc7 15. h4
Bf6 16. Kg2 gxh4 17. Nxh4 Ng5 18. Nf3 Qe7 19. Rh1 Kg7 20. Rh5 Rh8 21. Rah1 Bd7
22. Qh2 Rag8 23. Bxg5 Kf8 24. Rxh6 Bxg5 25. Rxh8 1-0

[Event "BPB Limburg open C"]
[Site "Maastricht"]
[Date "2014.06.07"]
[Round "2"]
[White "Montforts, Ton"]
[Black "Hammers, Michael"]
[Result "1/2-1/2"]
[WhiteElo "1650"]
[BlackElo "1604"]
[PlyCount "38"]
[EventDate "2014.06.06"]
[EventType "swiss"]
[EventRounds "7"]
[EventCountry "NED"]
[Source "P.Boonen"]
[SourceDate "2014.10.10"]

1. d4 Nf6 2. Nf3 g6 3. c4 Bg7 4. Nc3 d5 5. e3 O-O 6. Be2 e6 7. O-O Nbd7 8. Qc2
b6 9. b3 Bb7 10. Bb2 c5 11. Rac1 Qe7 12. Rfe1 Rfc8 13. dxc5 Nxc5 14. Ne5 Ncd7
15. Nxd7 Nxd7 16. cxd5 exd5 17. Qd2 Qg5 18. f4 Qd8 19. Bf3 Nf6 1/2-1/2

[Event "BPB Limburg open C"]
[Site "Maastricht"]
[Date "2014.06.07"]
[Round "2"]
[White "Muntean, Adrian"]
[Black "Vossen, Patrick"]
[Result "1/2-1/2"]
[WhiteElo "1000"]
[BlackElo "1500"]
[PlyCount "146"]
[EventDate "2014.06.06"]
[EventType "swiss"]
[EventRounds "7"]
[EventCountry "NED"]
[Source "P.Boonen"]
[SourceDate "2014.10.10"]

1. e4 c6 2. d4 d5 3. Nc3 dxe4 4. Nxe4 Bf5 5. Ng3 Bg6 6. Nf3 Nd7 7. Bd3 e6 8.
O-O Bxd3 9. Qxd3 Bd6 10. Ne4 Bc7 11. Re1 Ngf6 12. Bg5 O-O 13. c4 h6 14. Bh4 Qe7
15. c5 Rfd8 16. b4 Bf4 17. Qc2 Bc7 18. Ng3 Bxg3 19. Bxg3 Re8 20. Bd6 Qd8 21. h3
b6 22. Rab1 Nd5 23. Ne5 Nxe5 24. dxe5 b5 25. Re4 a5 26. a3 axb4 27. axb4 Ra3
28. Rb3 Qa8 29. Rxa3 Qxa3 30. Qd2 Qb3 31. Bc7 Qb1+ 32. Re1 Qxb4 33. Qxb4 Nxb4
34. Rd1 Nd5 35. Ba5 Ra8 36. Bd2 Ra2 37. Be3 Kh7 38. Bd4 g5 39. Kh2 Kg6 40. g4
b4 41. Kg2 Nf4+ 42. Kf3 Ra3+ 43. Ke4 Nd5 44. f3 Ra2 45. Ra1 Rxa1 46. Bxa1 Nf4
47. Kd4 Nd5 48. Kc4 Kg7 49. Bb2 Kg6 50. Bc1 f5 51. Bd2 fxg4 52. fxg4 h5 53.
Bxb4 hxg4 54. hxg4 Ne3+ 55. Kd3 Nxg4 56. Ke4 Nf2+ 57. Ke3 Nd1+ 58. Kd2 Nb2 59.
Bc3 Na4 60. Bd4 Kf5 61. Kd3 Nxc5+ 62. Bxc5 Kxe5 63. Be3 g4 64. Kc4 Ke4 65. Bg1
g3 66. Kc5 e5 67. Kxc6 Kf3 68. Kd5 Kf4 69. Kc4 Ke4 70. Kc3 Kf3 71. Kd2 e4 72.
Ke1 e3 73. Kf1 g2+ 1/2-1/2

[Event "BPB Limburg open C"]
[Site "Maastricht"]
[Date "2014.06.07"]
[Round "2"]
[White "Muntean, Victor"]
[Black "Dubbeldam, Mathijs"]
[Result "0-1"]
[WhiteElo "1138"]
[BlackElo "1350"]
[PlyCount "66"]
[EventDate "2014.06.06"]
[EventType "swiss"]
[EventRounds "7"]
[EventCountry "NED"]
[Source "P.Boonen"]
[SourceDate "2014.10.10"]

1. e4 e6 2. d4 b6 3. Nc3 Bb7 4. Bf4 Bb4 5. d5 Qf6 6. Bd2 Ne7 7. Nf3 O-O 8. e5
Qf5 9. Bd3 Qh5 10. dxe6 fxe6 11. Be2 Nbc6 12. Nb5 Bxd2+ 13. Qxd2 Nxe5 14. O-O-O
Nxf3 15. gxf3 Nd5 16. Rhg1 Nf4 17. Rde1 Nxe2+ 18. Rxe2 Qxb5 19. Qh6 Rf7 20. Re3
Kh8 21. Qh3 Qf5 22. Qxf5 Rxf5 23. Rd3 Bc6 24. Rd4 Rxf3 25. Rg2 Raf8 26. Rdg4 g6
27. Rh4 Rxf2 28. Rxg6 Rg8 29. Rxg8+ Kxg8 30. Rg4+ Kf7 31. Rh4 Kg6 32. Rg4+ Kh5
33. Rg3 Rxh2 0-1